Increasingly Harder Guess The Shortest Distance - Statistics

General Stats
  • This quiz has been taken 52 times
  • The average score is 4 of 10
Answer Stats
Question Answer % Correct
Which is the shortest distance between these cities? Cairo - Beirut
75%
Which is the shortest distance between these cities? Madrid - Paris
75%
Which is the shortest distance between these cities? Antananarivo - Caracas
50%
Which is the shortest distance between these cities? Chicago - Ottawa
50%
Which is the shortest distance between these cities? Kathmandu - Dhaka
50%
Which is the shortest distance between these cities? Kinshasa - Luanda
50%
Which is the shortest distance between these cities? Sao Paulo - Brasilia
50%
Which is the shortest distance between these cities? Montreal - Reykjavik
25%
Which is the shortest distance between these cities? Bucharest - Bratislava
0%
Which is the shortest distance between these cities? Mumbai - Colombo
0%
No matching quizzes found
Score Distribution
Percent of People with Each Score
Percentile by Number Answered
Your Score History
You have not taken this quiz